[Event "4NCL 2023-24"]
[Site "England ENG"]
[Date "2024.03.16"]
[Round "7.4"]
[Board "7"]
[White "Jarocka, Liwia"]
[Black "Murawski, Jan"]
[Result "1-0"]
[WhiteTitle "FM"]
[WhiteElo "2200"]
[BlackElo "1981"]
[WhiteTeam "Cheddleton"]
[BlackTeam "Oxford 1"]
[WhiteFideId "21807558"]
[BlackFideId "21009287"]
[EventDate "2023.11.11"]

1. c4 e6 2. g3 Nf6 3. Bg2 d5 4. Nf3 dxc4 5. Qa4+ Bd7 6. Qxc4 Bc6 7. O-O Be7 8.
d3 O-O 9. Qc2 Nbd7 10. e4 Bc5 11. Nbd2 e5 12. Nc4 Re8 13. Bd2 Bb5 14. Na5 Bb6
15. a4 Bxa5 16. Bxa5 Ba6 17. Rfd1 b6 18. Bc3 c5 19. b4 cxb4 20. Bxb4 Rc8 21. Qb2
Qc7 22. Rac1 Qb8 23. Bh3 Rxc1 24. Qxc1 Rc8 25. Qa1 Qc7 26. Nh4 Re8 27. Rc1 Qd8
28. Qa3 Nc5 29. Bxc5 bxc5 30. Qxc5 g6 31. Qxa7 Qxd3 32. Bf1 Qd2 33. Qxa6 Ng4 34.
Qe2 Qxc1 35. Qxg4 Ra8 36. Qd7 Qa1 37. Nf3 Qxa4 38. Nxe5 Qxd7 39. Nxd7 Ra5 40.
Kg2 Kg7 41. Be2 Ra2 42. Bf3 f6 43. h4 Rd2 44. Nb6 Rb2 45. Nc4 Rc2 46. Ne3 Rb2
47. h5 Kh6 48. Ng4+ Kg7 49. h6+ Kf7 50. e5 fxe5 51. Bd5+ Kf8 52. Nf6 Rb5 53.
Nxh7+ Ke7 54. Be4 Rb4 55. f3 Rb6 56. g4 g5 57. Nxg5 Rxh6 58. Bf5 Rf6 59. Ne4 Rf8
60. Kg3 Kf7 61. g5 Kg7 62. Kg4 Rh8 63. Ng3 Rh2 64. Nh5+ Kh8 65. g6 Rg2+ 66. Kh4
e4 67. Bxe4 Rh2+ 68. Kg5 Rg2+ 69. Kh6 Kg8 70. Bd5+ Kh8 71. Bc6 Kg8 72. f4 Rg1
73. Bf3 Kh8 74. f5 Kg8 75. f6 Kh8 76. g7+ 1-0

[Event "4NCL 2023-24"]
[Site "England ENG"]
[Date "2024.03.16"]
[Round "7.4"]
[Board "8"]
[White "Wilson, Edgar"]
[Black "Steil-Antoni, Fiona"]
[Result "0-1"]
[BlackTitle "WIM"]
[WhiteElo "1911"]
[BlackElo "2154"]
[WhiteTeam "Oxford 1"]
[BlackTeam "Cheddleton"]
[WhiteFideId "484296"]
[BlackFideId "4001249"]
[EventDate "2023.11.11"]

1. e4 c6 2. Nc3 d5 3. Nf3 Nf6 4. e5 Ne4 5. d4 c5 6. Bb5+ Nc6 7. O-O Nxc3 8. bxc3
Qa5 9. a4 Bg4 10. Bd2 c4 11. h3 Bh5 12. g4 Bg6 13. e6 f6 14. Nh4 O-O-O 15. Bxc6
bxc6 16. Rb1 Rd6 17. Re1 Be4 18. f3 g5 19. Nf5 Bxf5 20. gxf5 Qc7 21. f4 Rd8 22.
Qf3 h5 23. fxg5 fxg5 24. Bxg5 Rg8 25. h4 Bh6 26. Qe3 Bxg5 27. hxg5 h4 28. g6 Rh8
29. Qe5 Rh5 30. Qxc7+ Kxc7 31. Rf1 Rf8 32. Kh1 Kd6 33. Rb7 Rhxf5 34. Re1 Rf1+
35. Rxf1 Rxf1+ 36. Kg2 Rf6 37. Rxa7 Rxg6+ 38. Kh2 Rg3 39. Rb7 Rxc3 40. Rb2 Ra3
41. a5 Rxa5 42. Kh3 Kxe6 43. Kxh4 Ra1 44. Kg4 c3 45. Rb3 Ra4 46. Rxc3 Rxd4+ 47.
Kf3 Kd6 48. Ra3 Rh4 49. Ke2 e5 50. Ra6 Rh3 51. Kd2 e4 52. Ra8 d4 53. Re8 Kd5 54.
Ra8 Rh1 55. Ra5+ c5 56. Ra2 e3+ 57. Ke2 Kc4 58. Ra3 Rc1 59. Ra2 Kc3 60. Ra3+
Kxc2 61. Ra5 Kb3 62. Ra8 c4 63. Rb8+ Kc3 64. Ra8 Rc2+ 65. Ke1 Kd3 66. Ra1 Rh2
67. Ra3+ c3 0-1

[Event "4NCL 2023-24"]
[Site "England ENG"]
[Date "2024.03.16"]
[Round "7.5"]
[Board "1"]
[White "Makkar, Rajat"]
[Black "Berry, Neil"]
[Result "1-0"]
[WhiteTitle "FM"]
[BlackTitle "FM"]
[WhiteElo "2434"]
[BlackElo "2263"]
[WhiteTeam "The Sharks 1"]
[BlackTeam "Alba"]
[WhiteFideId "36016810"]
[BlackFideId "2400650"]
[EventDate "2023.11.11"]

1. c4 e6 2. g3 d5 3. Nf3 Nf6 4. Bg2 c5 5. cxd5 exd5 6. d4 Nc6 7. O-O Be7 8. dxc5
Bxc5 9. Bg5 O-O 10. Qc1 Be7 11. Nc3 Be6 12. Rd1 h6 13. Be3 Qc8 14. Nd4 Rd8 15.
Ncb5 Bh3 16. Nxc6 bxc6 17. Nxa7 Qd7 18. Nxc6 Bxg2 19. Kxg2 Rac8 20. Nxe7+ Qxe7
21. Qd2 Qe4+ 22. f3 Qe6 23. Bd4 Re8 24. e3 Nh7 25. h4 Nf6 26. Rac1 Nh5 27. Rxc8
Rxc8 28. Rc1 Ra8 29. a3 Qd6 30. Qf2 Nf6 31. Qc2 Qa6 32. Kf2 Rb8 33. Qc7 Re8 34.
Qc6 Qd3 35. Qc2 Qa6 36. Qf5 Qa5 37. Qd3 Nd7 38. Qc3 Qa6 39. b4 Qe6 40. Kg2 f6
41. b5 Ne5 42. Bxe5 fxe5 43. Qc6 Qf7 44. Rc5 Rd8 45. Qc7 Qf8 46. b6 e4 47. f4
Rb8 48. Rxd5 Rc8 49. Rd7 1-0

[Event "4NCL 2023-24"]
[Site "England ENG"]
[Date "2024.03.16"]
[Round "7.5"]
[Board "2"]
[White "Olson, Hamish"]
[Black "Slaby, Jerzy"]
[Result "1/2-1/2"]
[WhiteTitle "FM"]
[BlackTitle "IM"]
[WhiteElo "2359"]
[BlackElo "2469"]
[WhiteTeam "Alba"]
[BlackTeam "The Sharks 1"]
[WhiteFideId "2404257"]
[BlackFideId "1121405"]
[EventDate "2023.11.11"]

1. d4 g6 2. e4 c6 3. Nf3 d5 4. Nbd2 Bg4 5. exd5 cxd5 6. h3 Bxf3 7. Nxf3 Nf6 8.
Bd3 Bg7 9. O-O O-O 10. Re1 Nc6 11. c3 a6 12. Bf4 e6 13. Qe2 Rc8 14. Rad1 Na5 15.
Ne5 b5 16. Bg5 Qd6 17. Qf3 Nd7 18. Nxd7 Qxd7 19. h4 Nc4 20. Bc1 a5 21. h5 b4 22.
Bxc4 Rxc4 23. Bg5 f6 24. Bd2 bxc3 25. Bxc3 a4 26. Qe3 Re8 27. hxg6 hxg6 28. b3
axb3 29. axb3 Rc6 30. Bb4 Kf7 31. Bc5 e5 32. b4 Rce6 33. Qb3 exd4 34. Rxe6 Qxe6
35. Bxd4 Bf8 36. Be3 Rb8 37. Qxd5 Qxd5 1/2-1/2

[Event "4NCL 2023-24"]
[Site "England ENG"]
[Date "2024.03.16"]
[Round "7.5"]
[Board "3"]
[White "Roberson, Peter T"]
[Black "Shafi, Declan"]
[Result "1-0"]
[WhiteTitle "IM"]
[WhiteElo "2424"]
[BlackElo "2224"]
[WhiteTeam "The Sharks 1"]
[BlackTeam "Alba"]
[WhiteFideId "412384"]
[BlackFideId "2405156"]
[EventDate "2023.11.11"]

1. e4 e5 2. Nf3 Nc6 3. Bb5 a6 4. Ba4 Nf6 5. O-O Be7 6. Re1 b5 7. Bb3 d6 8. c3
O-O 9. h3 Nb8 10. d4 Nbd7 11. Nbd2 Bb7 12. Bc2 Re8 13. Nf1 Bf8 14. Ng3 g6 15. a4
c5 16. d5 c4 17. Bg5 h6 18. Be3 Nc5 19. Qd2 Kh7 20. Nh2 Qc7 21. Rf1 Bg7 22. f4
bxa4 23. fxe5 Rxe5 24. Rxf6 Bxf6 25. Ng4 Bh4 26. Nxe5 dxe5 27. Kh2 Nb3 28. Bxb3
axb3 29. Bxh6 f5 30. Bg5 Bxg5 31. Qxg5 Qd8 32. Qd2 Kg7 33. exf5 Qxd5 34. Qe2 Rd8
35. fxg6 e4 36. Rf1 Bc8 37. Nh5+ Kh6 38. Nf4 Qe5 39. Kh1 e3 40. Qxc4 e2 41. Nxe2
Bb7 42. Qh4+ Qh5 43. Qxh5+ Kxh5 44. Nd4 Kxg6 45. Nxb3 Rd3 46. Kg1 Bd5 47. Nd4
Rd2 48. Rf2 Rd1+ 49. Kh2 a5 50. g4 a4 51. Kg3 Rd3+ 52. Kh4 Re3 53. Ne2 Bc6 54.
Nf4+ Kg7 55. Re2 Rf3 56. Ne6+ Kg6 57. Nd4 Rf6 58. Nxc6 Rxc6 59. Re4 a3 60. bxa3
Rxc3 61. Re6+ Kg7 62. Ra6 Rc5 63. g5 Rc3 64. Kg4 Rd3 65. h4 Rc3 66. Kh5 1-0

[Event "4NCL 2023-24"]
[Site "England ENG"]
[Date "2024.03.16"]
[Round "7.5"]
[Board "4"]
[White "McKay, Roderick M"]
[Black "Rendle, Thomas E"]
[Result "0-1"]
[WhiteTitle "IM"]
[BlackTitle "IM"]
[WhiteElo "2179"]
[BlackElo "2378"]
[WhiteTeam "Alba"]
[BlackTeam "The Sharks 1"]
[WhiteFideId "2400049"]
[BlackFideId "408760"]
[EventDate "2023.11.11"]

1. e4 e5 2. Bc4 Nf6 3. d3 Bc5 4. Nf3 d6 5. c3 Nc6 6. Bb3 a5 7. O-O h6 8. h3 Ba7
9. Re1 g5 10. Be3 g4 11. hxg4 Bxe3 12. Rxe3 Nxg4 13. Re1 Qf6 14. Nbd2 Rg8 15.
Nf1 Bd7 16. Qe2 O-O-O 17. Ba4 Rg7 18. b4 Rdg8 19. g3 h5 20. bxa5 h4 21. a6 bxa6
22. Bxc6 Bxc6 23. Nxh4 Rh7 24. Nf5 Qxf5 0-1

[Event "4NCL 2023-24"]
[Site "England ENG"]
[Date "2024.03.16"]
[Round "7.5"]
[Board "5"]
[White "Garcia Martin, Marta"]
[Black "Morrison, Graham SCO"]
[Result "1-0"]
[WhiteTitle "IM"]
[BlackTitle "FM"]
[WhiteElo "2356"]
[BlackElo "2223"]
[WhiteTeam "The Sharks 1"]
[BlackTeam "Alba"]
[WhiteFideId "32084030"]
[BlackFideId "2400090"]
[EventDate "2023.11.11"]

1. e4 c6 2. Nf3 d5 3. Nc3 Bg4 4. d4 Nf6 5. e5 Nfd7 6. Be2 e6 7. O-O Be7 8. Ne1
Bxe2 9. Nxe2 h5 10. Nf4 g6 11. Qd3 Nf8 12. Be3 Qc7 13. c4 dxc4 14. Qxc4 Nbd7 15.
a4 Nb6 16. Qc2 O-O-O 17. a5 Nd5 18. a6 b6 19. Ned3 g5 20. Nxd5 cxd5 21. Qd2 Kb8
22. Rfc1 Qd7 23. Bxg5 Ng6 24. Bxe7 Nxe7 25. Qb4 Nf5 26. Ra3 Rc8 27. Rac3 Rxc3
28. Rxc3 Rc8 29. g3 Rxc3 30. bxc3 Qc8 31. Nc5 Kc7 32. Nb7 Kd7 33. h3 Qc4 34. Qf8
Qxa6 35. Qxf7+ Kc6 36. Nd8+ Kb5 37. Nxe6 Qa1+ 38. Kh2 Qb1 39. Nc7+ Ka4 40. Qxd5
Qc2 41. Qf3 h4 42. g4 Ng3 43. e6 Nf1+ 44. Kg2 Nd2 45. Qe2 Qxc3 46. e7 Qc6+ 47.
d5 1-0

[Event "4NCL 2023-24"]
[Site "England ENG"]
[Date "2024.03.16"]
[Round "7.5"]
[Board "6"]
[White "Mitchell, Martin"]
[Black "Moreby, James"]
[Result "0-1"]
[BlackTitle "FM"]
[WhiteElo "2151"]
[BlackElo "2260"]
[WhiteTeam "Alba"]
[BlackTeam "The Sharks 1"]
[WhiteFideId "2400634"]
[BlackFideId "427756"]
[EventDate "2023.11.11"]

1. d4 Nf6 2. Nf3 e6 3. Bf4 c5 4. e3 Qb6 5. Qc1 d5 6. c3 Nc6 7. h3 Be7 8. Bd3 O-O
9. Nbd2 Bd7 10. Ne5 Rac8 11. O-O Rfd8 12. Bg5 Be8 13. Qc2 h6 14. Bh4 cxd4 15.
Nxc6 bxc6 16. exd4 c5 17. dxc5 Bxc5 18. Bxf6 gxf6 19. Nb3 Bf8 20. Rfe1 d4 21. c4
f5 22. Qe2 Bg7 23. c5 Qc7 24. Rac1 Bc6 25. Nd2 Ba8 26. Nf3 a5 27. Ne5 Bd5 28.
Ba6 Rb8 29. c6 Rb6 30. Bb7 Be4 31. f4 Bxe5 32. fxe5 Kg7 33. Qf2 Bxc6 34. Bxc6
Rxc6 35. Rxc6 Qxc6 36. Qh4 Rd7 37. Qg3+ Kh8 38. Qh4 Kh7 39. Qf2 d3 40. Qd2 Qc2
41. Rd1 Qc5+ 42. Kh1 Qxe5 43. Re1 Qd5 0-1

[Event "4NCL 2023-24"]
[Site "England ENG"]
[Date "2024.03.16"]
[Round "7.5"]
[Board "7"]
[White "Dong, Bao Nghia"]
[Black "Swanson, Stephen"]
[Result "1-0"]
[WhiteTitle "FM"]
[WhiteElo "2314"]
[BlackElo "2145"]
[WhiteTeam "The Sharks 1"]
[BlackTeam "Alba"]
[WhiteFideId "12400343"]
[BlackFideId "2400251"]
[EventDate "2023.11.11"]

1. e4 d6 2. d4 Nf6 3. Nc3 g6 4. f3 c6 5. a4 Bg7 6. Be3 O-O 7. g4 Qa5 8. g5 Nh5
9. Ne2 e5 10. d5 cxd5 11. b4 Qd8 12. Nxd5 Be6 13. Ng3 Nf4 14. Nxf4 exf4 15. Bxf4
Nc6 16. Bd2 Rc8 17. f4 Qb6 18. a5 Qc7 19. c3 Rfe8 20. Kf2 a6 21. Be2 Na7 22. f5
Bc4 23. f6 Bf8 24. Bg4 Be6 25. Bxe6 Rxe6 26. h4 Nc6 27. h5 Ne5 28. hxg6 fxg6 29.
Kg2 Qc4 30. Be3 Nf7 31. Qd4 Qb5 32. Bd2 Rc4 33. Qe3 Qe8 34. Rh4 Rc7 35. Rah1 Ne5
36. Qd4 Qb5 37. Qd5 Qxd5 38. exd5 Re8 39. Ne4 Rf7 40. Bf4 Nc4 41. Kf3 Rc8 42.
Bg3 Re8 43. R1h2 Rc8 44. Ke2 Re8 45. Kd3 Rc8 46. Nd2 Nxd2 47. Rxd2 h5 48. Re2
Rd7 49. Rc4 Rcd8 50. b5 axb5 51. Rb4 Rc8 52. Rxb5 Rdc7 53. Rc2 Rc4 54. Rb4 R4c5
55. c4 Rxa5 56. Rxb7 Rd8 57. Be1 Ra1 58. Re2 Rd1+ 59. Kc2 Ra1 60. Re8 Raa8 61.
Rbe7 Rdb8 62. f7+ Kh7 63. Rxb8 1-0

[Event "4NCL 2023-24"]
[Site "England ENG"]
[Date "2024.03.16"]
[Round "7.5"]
[Board "8"]
[White "Roy, Ali"]
[Black "Hryshchenko, Kamila"]
[Result "1-0"]
[WhiteTitle "WFM"]
[WhiteElo "1948"]
[BlackElo "2186"]
[WhiteTeam "Alba"]
[BlackTeam "The Sharks 1"]
[WhiteFideId "2400456"]
[BlackFideId "14147491"]
[EventDate "2023.11.11"]

1. Nf3 d6 2. d4 g6 3. g3 Bg7 4. Bg2 Nf6 5. O-O O-O 6. c4 Nc6 7. Nc3 a6 8. b3 e5
9. dxe5 dxe5 10. Ba3 Re8 11. Qxd8 Rxd8 12. Rad1 Bf5 13. h3 Re8 14. Ng5 e4 15. g4
h6 16. gxf5 gxf5 17. Nf3 exf3 18. Bxf3 Ne4 19. Nd5 Rac8 20. Bg2 Kh8 21. e3 Be5
22. f4 Bg7 23. h4 b5 24. Bh3 Rb8 25. Nxc7 Rg8 26. Kh2 bxc4 27. Bxf5 Ng3 28. Kxg3
Bf8+ 29. Kf3 Bxa3 30. bxc4 Na5 31. Rd7 Rg7 32. Nd5 Nxc4 33. Nf6 Nd6 34. Rd1 Rg3+
35. Kxg3 Nxf5+ 36. Kf2 Kg7 37. Ng4 Be7 38. Ne5 Bxh4+ 39. Kf3 Be7 40. e4 Nh4+ 41.
Kg3 1-0

[Event "4NCL 2023-24"]
[Site "England ENG"]
[Date "2024.03.16"]
[Round "7.6"]
[Board "1"]
[White "Durak, Can"]
[Black "Macak, Stefan"]
[Result "1/2-1/2"]
[WhiteTitle "FM"]
[BlackTitle "IM"]
[WhiteElo "2450"]
[BlackElo "2321"]
[WhiteTeam "Wood Green Youth"]
[BlackTeam "Barnet Knights A"]
[WhiteFideId "44552971"]
[BlackFideId "14905531"]
[EventDate "2023.11.11"]

1. d4 d5 2. Bf4 c5 3. e3 cxd4 4. exd4 Nc6 5. c3 Bf5 6. Nf3 e6 7. Qb3 Bd6 8. Bg3
Nge7 9. Nbd2 O-O 10. Nh4 Rb8 11. Bxd6 Qxd6 12. Nxf5 Nxf5 13. Bd3 Nce7 14. Nf3 b5
15. O-O b4 16. Rac1 bxc3 17. Qxc3 Rb7 18. b3 h5 19. Qd2 f6 20. Bb1 Kf7 21. h4
Rfb8 22. Rfe1 Rc7 23. Rcd1 Qb4 24. Qe2 Rb6 25. Nh2 g6 26. g4 hxg4 27. Qxg4 Rc8
28. Nf3 Rh8 29. Rc1 Qd6 30. Re2 Rc6 31. Rce1 Qc7 32. Kg2 Rh5 33. b4 Nxh4+ 34.
Nxh4 Rg5 35. Qxg5 fxg5 36. Nf3 Rc1 37. Nxg5+ Kg8 38. Rxe6 Rxe1 39. Rxe1 Qf4 40.
Ne6 Qg4+ 41. Kf1 Qh3+ 42. Kg1 Qc3 43. Rd1 Qxb4 44. Bc2 Kf7 45. Nf4 g5 46. Ne2
Qc4 47. Rd2 Qb4 48. Rd1 Kf6 49. Ng3 Ke6 50. Rd3 Kd6 51. Bb3 Qe1+ 52. Kg2 Ng6 53.
Re3 Nh4+ 54. Kh3 Qxf2 55. Re5 Nf3 56. Rxd5+ Kc7 57. Rf5 Qxd4 58. Rxf3 g4+ 59.
Kg2 gxf3+ 60. Kxf3 a5 61. Nf5 Qc3+ 62. Ne3 Kd6 63. Ke2 Ke5 64. Bc2 Kd4 65. Nf5+
Kc5 66. Ne3 Qa3 67. Bb3 Kc6 68. Bd5+ Kc7 69. Kd2 Qb4+ 70. Kd3 Qb1+ 71. Kd2 Qb4+
72. Kd3 Kd6 73. Bb3 a4 74. Bc4 Kc5 75. Be6 Qd4+ 76. Ke2 Qc3 77. Bg8 a3 78. Bb3
Qb2+ 79. Kd3 Qd4+ 80. Ke2 Qe4 81. Kd2 Qf4 82. Kd3 Qf3 83. Bd5 Qf2 84. Bb3 Qb2
85. Nc2 Kd6 86. Kc4 Qe5 87. Kd3 Qc5 88. Nd4 Ke5 89. Nf3+ Kf4 90. Nd4 Qb4 91. Nc2
Qc5 92. Nd4 Kg3 93. Ne2+ Kf3 94. Nd4+ Kf2 95. Nc2 Qd6+ 96. Kc3 Ke2 97. Nd4+ Ke1
98. Nc2+ Kf2 99. Nd4 Qe7 100. Nc2 Qf8 101. Kd3 Kg3 102. Nd4 Kg4 103. Kc3 Qc5+
104. Kd3 Qa5 105. Nc2 Qa6+ 106. Ke3 Kf5 107. Nd4+ Ke5 108. Nc2 Kd6 109. Nd4 Kc5
110. Nc2 Qh6+ 111. Kd3 Qh3+ 112. Kd2 Qh2+ 113. Kd3 Qf4 114. Ne3 Qd4+ 115. Ke2
Qc3 116. Nc2 Kd6 117. Nxa3 Ke5 118. Nc2 Ke4 119. Ne1 Qe3+ 120. Kd1 Qf2 121. Bc4
Kd4 122. Be2 Kc3 123. Nf3 Qg3 124. a4 Kb2 125. a5 Qd6+ 126. Ke1 Qb4+ 127. Kf2
Qxa5 128. Ke3 Kc3 129. Kf2 Qc7 130. Kg2 Qa7 131. Kf1 Qe3 132. Ke1 Qh6 133. Kf2
Kb4 134. Ne1 Qh4+ 135. Kf1 Qg3 136. Bf3 Kc5 137. Ke2 Kd4 138. Nc2+ Ke5 139. Ne3
Qh2+ 140. Ng2 Qg1 141. Ne1 Kd4 142. Nc2+ Kc3 143. Ne1 Qg3 144. Bg2 Qe5+ 145. Kf1
Qf6+ 146. Ke2 Qe7+ 147. Kf2 Kd4 148. Nf3+ Ke4 149. Ne1+ Kf4 150. Nd3+ Kf5 151.
Bf3 Qa7+ 152. Ke2 Qd4 153. Bb7 Kg4 154. Bc6 Kg3 155. Bf3 Qb6 156. Be4 Qe6 157.
Ke3 Qa2 158. Bh1 Qa7+ 159. Kd2 Qa5+ 160. Kc2 Qa2+ 161. Nb2 Kf2 162. Bc6 Ke3 163.
Ba4 Kd4 164. Bb3 Qa1 165. Na4 Qa3 166. Nb2 Qa5 167. Na4 Qc7+ 168. Kb2 Kd3 169.
Ka3 Qc1+ 170. Kb4 Kd4 171. Ba2 Qe1+ 172. Ka3 Qa1 173. Kb3 Qc1 174. Kb4 Qh6 175.
Ka3 Qe3+ 176. Bb3 Qc1+ 177. Kb4 Qa1 178. Bc2 Qe1+ 1/2-1/2

[Event "4NCL 2023-24"]
[Site "England ENG"]
[Date "2024.03.16"]
[Round "7.6"]
[Board "2"]
[White "Villiers, Thomas"]
[Black "Royal, Shreyas"]
[Result "0-1"]
[WhiteTitle "CM"]
[BlackTitle "IM"]
[WhiteElo "2225"]
[BlackElo "2457"]
[WhiteTeam "Barnet Knights A"]
[BlackTeam "Wood Green Youth"]
[WhiteFideId "427209"]
[BlackFideId "448869"]
[EventDate "2023.11.11"]

1. e4 c5 2. Nf3 d6 3. d4 cxd4 4. Nxd4 Nf6 5. Nc3 Nc6 6. Bg5 e6 7. Qd2 a6 8. Nxc6
bxc6 9. O-O-O Be7 10. Bxf6 gxf6 11. Bc4 Qa5 12. Bb3 Bb7 13. f4 O-O-O 14. Qe3 d5
15. exd5 cxd5 16. Nxd5 Rxd5 17. Bxd5 Bxd5 18. Qa7 Bd6 19. Rd4 Qxa2 20. c4 Bb7
21. Rhd1 Bc7 22. c5 Bc6 23. R1d3 Qa1+ 24. Kc2 e5 25. Rb4 Qa5 26. Rdb3 Kd7 27.
Rd3+ Ke6 28. Rb7 Qa4+ 29. Kc1 Qxf4+ 30. Kc2 Qc4+ 31. Kd2 e4 32. Rxc7 Qxd3+ 33.
Kc1 Ba4 34. Qb6+ Kf5 35. b3 Qc3+ 36. Kb1 Qxb3+ 37. Ka1 Qa3+ 38. Kb1 Rd8 0-1

[Event "4NCL 2023-24"]
[Site "England ENG"]
[Date "2024.03.16"]
[Round "7.6"]
[Board "3"]
[White "Bazakutsa, Svyatoslav"]
[Black "Badacsonyi, Frankie"]
[Result "1-0"]
[WhiteTitle "IM"]
[WhiteElo "2462"]
[BlackElo "2160"]
[WhiteTeam "Wood Green Youth"]
[BlackTeam "Barnet Knights A"]
[WhiteFideId "14198525"]
[BlackFideId "460400"]
[EventDate "2023.11.11"]

1. c4 e5 2. g3 Nf6 3. Bg2 c6 4. d4 exd4 5. Qxd4 d5 6. Nf3 Be6 7. Ng5 Bb4+ 8. Bd2
Bxd2+ 9. Nxd2 O-O 10. O-O Qe7 11. Rad1 Nbd7 12. cxd5 Bxd5 13. e4 c5 14. Qc3 Bc6
15. Rfe1 Qe5 16. f4 Qxc3 17. bxc3 h6 18. Nh3 Rad8 19. Nf2 Nb6 20. e5 Nfd5 21.
Nfe4 Na4 22. Nb1 Nb2 23. Rd2 Nc4 24. Rde2 b6 25. Nbd2 Nxd2 26. Rxd2 Ne7 27. Red1
Rxd2 28. Rxd2 Rc8 29. Nd6 Rd8 30. Bxc6 Nxc6 31. Kf2 Kf8 32. Ke3 g6 33. Ke4 h5
34. h3 Ke7 35. f5 g5 36. Nc4 Rxd2 37. Nxd2 f6 38. Nc4 fxe5 39. Nxe5 Nb8 40. g4
hxg4 41. hxg4 Na6 42. Nc6+ Kf6 43. Nxa7 Nc7 44. Nc8 b5 45. Nb6 1-0

[Event "4NCL 2023-24"]
[Site "England ENG"]
[Date "2024.03.16"]
[Round "7.6"]
[Board "4"]
[White "Rocco, Federico"]
[Black "Willow, Jonah B"]
[Result "0-1"]
[BlackTitle "IM"]
[WhiteElo "2161"]
[BlackElo "2446"]
[WhiteTeam "Barnet Knights A"]
[BlackTeam "Wood Green Youth"]
[WhiteFideId "431362"]
[BlackFideId "438804"]
[EventDate "2023.11.11"]

1. e4 c5 2. Nf3 e6 3. b3 a6 4. Bb2 Nc6 5. c4 Nf6 6. e5 Ng4 7. g3 Be7 8. Bh3 f5
9. exf6 Bxf6 10. d4 Nh6 11. O-O O-O 12. Bc3 d5 13. dxc5 d4 14. Bb2 e5 15. Bxc8
Qxc8 16. Qd3 Qh3 17. Re1 Nb4 18. Qe4 Ng4 19. Nbd2 Bg5 20. Nf1 Rxf3 21. Qxf3 Rf8
22. Qh1 Rxf2 23. Bc1 Be7 24. Ba3 Nd3 25. c6 Nxh2 26. Qd5+ Rf7 27. Re2 Nf3+ 28.
Qxf3 Rxf3 29. cxb7 Rf8 30. Bxe7 Rb8 31. Rd1 Rxb7 32. Rxd3 Rxe7 33. Rxd4 h6 34.
Rd3 Qf5 35. Rde3 h5 36. Nd2 h4 37. Nf3 0-1

[Event "4NCL 2023-24"]
[Site "England ENG"]
[Date "2024.03.16"]
[Round "7.6"]
[Board "5"]
[White "Czopor, Maciej"]
[Black "Badacsonyi, Stanley"]
[Result "1-0"]
[WhiteTitle "FM"]
[WhiteElo "2359"]
[BlackElo "2196"]
[WhiteTeam "Wood Green Youth"]
[BlackTeam "Barnet Knights A"]
[WhiteFideId "21805431"]
[BlackFideId "486973"]
[EventDate "2023.11.11"]

1. e4 e6 2. b3 d5 3. Bb2 dxe4 4. Nc3 Nf6 5. Qe2 b6 6. Nxe4 Bb7 7. Nxf6+ gxf6 8.
O-O-O Nd7 9. Nf3 Bd6 10. Nd4 Qe7 11. Nb5 Rg8 12. Nxd6+ Qxd6 13. Qh5 Be4 14. f3
Rg5 15. Qh4 Bg6 16. d3 a5 17. a3 b5 18. Qf2 b4 19. a4 Rc5 20. f4 Ra6 21. g4 Rac6
22. Rd2 h5 23. f5 exf5 24. gxh5 Bxh5 25. Bg2 f4 26. Re1+ Kd8 27. Bxc6 Rxc6 28.
Qa7 Ra6 29. Qg1 Bg6 30. h4 Kc8 31. h5 Bf5 32. h6 Kb7 33. h7 Bxh7 34. Qh1+ f3 35.
Qxh7 Qg3 36. Qe4+ Rc6 37. Bd4 f5 38. Bf2 Qg4 39. Qd5 Qg7 40. Qd4 f6 41. Qa7+ 1-0

[Event "4NCL 2023-24"]
[Site "England ENG"]
[Date "2024.03.16"]
[Round "7.6"]
[Board "6"]
[White "Willmoth, Robert F"]
[Black "O'Donnell, Conor"]
[Result "0-1"]
[WhiteTitle "CM"]
[BlackTitle "FM"]
[WhiteElo "2104"]
[BlackElo "2284"]
[WhiteTeam "Barnet Knights A"]
[BlackTeam "Wood Green Youth"]
[WhiteFideId "402540"]
[BlackFideId "2504243"]
[EventDate "2023.11.11"]

1. Nf3 c5 2. e3 g6 3. d4 Bg7 4. Nbd2 cxd4 5. exd4 Nf6 6. Bd3 O-O 7. O-O d5 8.
Re1 Nc6 9. c3 Bf5 10. Bxf5 gxf5 11. Nf1 e6 12. Ng3 Qc7 13. Ng5 Ne4 14. Nh5 Nxg5
15. Bxg5 f6 16. Bf4 Qf7 17. Re3 Kh8 18. Nxg7 Kxg7 19. Qd2 Kh8 20. Rae1 Rae8 21.
Qe2 Nd8 22. Bb8 a6 23. a4 Rg8 24. b4 Rg4 25. b5 axb5 26. axb5 Re4 27. f3 Rxe3
28. Qxe3 Qg6 29. Bf4 Nf7 30. Qd2 h5 31. Re2 Qg7 32. Qd3 Ng5 33. Kf1 h4 34. h3
Rg8 35. Bh2 Ra8 36. Qe3 Ra1+ 37. Kf2 Ra5 38. Qf4 Rxb5 39. Qxh4+ Kg8 40. Qf4 Rb6
41. Qb8+ Kh7 42. h4 Nf7 43. Qc7 Rc6 44. Qxb7 Nd8 45. Qa8 Qd7 46. Ra2 Kg6 47. Ra7
Rc8 48. Rxd7 Rxa8 49. Bf4 Rc8 50. g4 fxg4 51. fxg4 Nf7 52. Rc7 Ra8 53. h5+ Kg7
54. Kg3 Ra1 55. Be3 Re1 56. Kf2 Rh1 57. Bf4 f5 58. h6+ Kf6 59. gxf5 exf5 60.
Rc6+ Ke7 61. Rg6 Rh3 62. Kg2 Rh4 63. Kg3 Rh1 64. Rc6 Rg1+ 65. Kf2 Rh1 66. Ra6
Rh4 67. Bc1 Rh1 68. Ba3+ Kd7 69. Rf6 Nxh6 70. Rd6+ Kc8 71. Rxd5 Rh3 72. Rc5+ Kd7
73. Bc1 Ng4+ 74. Kg2 Rd3 75. Bf4 Ke6 76. Bc1 Rd1 77. Ba3 Rd3 78. Bb4 f4 79. d5+
Kd7 80. d6 f3+ 81. Kg3 f2+ 82. Kg2 Rd1 0-1

[Event "4NCL 2023-24"]
[Site "England ENG"]
[Date "2024.03.16"]
[Round "7.6"]
[Board "7"]
[White "Stoyanov, Viktor"]
[Black "Mirzoeva, Elmira"]
[Result "0-1"]
[WhiteTitle "FM"]
[BlackTitle "WGM"]
[WhiteElo "2269"]
[BlackElo "2250"]
[WhiteTeam "Wood Green Youth"]
[BlackTeam "Barnet Knights A"]
[WhiteFideId "450308"]
[BlackFideId "4127951"]
[EventDate "2023.11.11"]

1. e4 c6 2. Nf3 d5 3. d3 g6 4. Nbd2 Bg7 5. g3 e5 6. Bg2 Ne7 7. O-O O-O 8. Re1
Qc7 9. c3 Nd7 10. d4 exd4 11. Nxd4 Nc5 12. Qc2 Bd7 13. exd5 Nxd5 14. N2b3 Qb6
15. Bd2 a5 16. Nxc5 Qxc5 17. Qd3 a4 18. Rab1 Rad8 19. b4 axb3 20. axb3 Nxc3 21.
Qxc3 Qxd4 22. Qxd4 Bxd4 23. Bg5 f6 24. Bh6 Rfe8 25. Bf1 b5 26. Rbd1 Rxe1 27.
Rxe1 Kf7 28. Bg2 g5 29. h4 Kg6 30. hxg5 fxg5 31. Re7 Kxh6 32. Be4 g4 33. Rxh7+
Kg5 34. Kg2 Bf5 35. Bxf5 Kxf5 0-1

[Event "4NCL 2023-24"]
[Site "England ENG"]
[Date "2024.03.16"]
[Round "7.6"]
[Board "8"]
[White "Dasgupta, Avyukt"]
[Black "Kalaiyalahan, Akshaya"]
[Result "0-1"]
[BlackTitle "FM"]
[WhiteElo "2012"]
[BlackElo "2137"]
[WhiteTeam "Barnet Knights A"]
[BlackTeam "Wood Green Youth"]
[WhiteFideId "480630"]
[BlackFideId "422894"]
[EventDate "2023.11.11"]

1. e4 c5 2. Nf3 Nc6 3. Bb5 g6 4. d3 Bg7 5. Bxc6 dxc6 6. Nbd2 Nf6 7. a4 Nd7 8.
Nc4 Qc7 9. Ra2 e5 10. Bg5 Nf8 11. Qd2 h6 12. Bh4 Bg4 13. Bg3 Bxf3 14. gxf3 Ne6
15. Kf1 h5 16. h4 O-O 17. Rg1 Kh7 18. c3 Rad8 19. Qe2 f6 20. Ra1 b6 21. Kg2 Bh6
22. Rad1 Qe7 23. Kh1 Rg8 24. Qf1 Rd7 25. b3 Rgd8 26. Qg2 Bf4 27. Nb2 Qf7 28. Qh3
b5 29. axb5 cxb5 30. Qh2 Bh6 31. Ra1 Bd2 32. Ra6 Bxc3 33. Nd1 Bd2 34. Ne3 Bxe3
35. fxe3 Rxd3 36. Qh3 Nf8 37. Rga1 R8d7 38. Qf1 Rxb3 39. f4 exf4 40. Qxf4 Ne6
41. Qb8 b4 42. Kh2 Rb2+ 43. Kh1 Rbd2 44. Bd6 b3 45. Rxa7 b2 0-1